| 000 | 01257nam a2200301Ia 4500 | ||
|---|---|---|---|
| 999 |
_c41398 _d41398 |
||
| 003 | GCL | ||
| 005 | 20240530103640.0 | ||
| 008 | 140319s1990 ua 000 0 ara d | ||
| 040 |
_aGCL / _cGCL |
||
| 082 | 0 | 4 |
_a940.18/ _bر ت |
| 100 | 1 | _aاجيل، ريمون | |
| 245 | 1 | 0 |
_aتاريخ الفرنجة غزات بيت المقدس / _cريموندد اجيل ؛ نقلة الى الانجليزية مع مقدمة وهوامش جون هيوج هيل، لوريتال ل هيل ؛ نقلة الى العربية وعلق علية حسين محمد عطية ؛ تقديم جوزيف نسيم يوسف |
| 250 | _aط1 | ||
| 260 |
_aالقاهرة : _bدار المعرفة الجامعية، _c1990. |
||
| 300 | _a297 ص | ||
| 490 |
_aمكتبة التاريخ الوسيط _v0 |
||
| 650 | 0 | 4 | _aتاريخ |
| 650 | 0 | 4 | _aالحروب الصليبية |
| 650 | 0 | 4 | _aفلسطين |
| 650 | 0 | 4 | _aالحروب الصليبية فى فلسطين والشام |
| 650 | 0 | 4 | _aالعصور الوسطى |
| 650 | 0 | 4 | _aاوربا |
| 700 | 0 |
_aحسين عطية _eمترجم |
|
| 700 | 0 |
_aجوزيف نسيم يوسف _eمقدم |
|
| 700 | 1 |
_aهيل، لوريتال ل _eمترجم |
|
| 700 | 1 |
_aهيل، جون هيوج _eمترجم |
|
| 942 |
_2ddc _cBK |
||